|
|
|
|
| LEADER |
01461nab#a2200421#ar4500 |
| 001 |
000096039 |
| 003 |
SVKKK |
| 005 |
20090610133835.0 |
| 008 |
090108d1906 xo |||||||||||||||b|hun |
| FMT |
|
|
|
| 038 |
|
|
|a SVKKK
|
| 040 |
|
|
|a SVKKK
|b slo
|e AACR2
|
| 041 |
0 |
|
|a hun
|
| 044 |
|
|
|a xo
|c SK
|
| 080 |
|
|
|a 347.1
|x 051
|2 1997
|
| 080 |
|
|
|a 929 Szanyi, Ľudovít
|2 1997
|
| 080 |
|
|
|a 929 Fenyő, Hugo
|2 1997
|
| 242 |
1 |
0 |
|a Noví matrikári
|y slo
|
| 245 |
1 |
0 |
|a Uj anyakönyvvezetők
|
| 500 |
|
|
|a Popis z mikrofilmu
|
| 500 |
|
|
|a Dohľadanie
|
| 520 |
2 |
|
|a Správa o menovaní matrikárov: Ľudovít szanyi bol menovaný do obce Závadka a Hugo Fenyő menovaný do obce Nižný Hrabovec
|
| 600 |
1 |
4 |
|a Szanyi, Ľudovít
|d 18??-19??
|x matrikár
|z Zavadka (Slovensko)
|x menovanie úradné
|y 1906
|
| 600 |
1 |
4 |
|a Fenyő, Hugó
|d 18??-19??
|x matrikár
|z Nižný Hrabovec (Slovensko)
|x menovanie úradnépôsobenie
|y 1906
|
| 650 |
0 |
4 |
|a matrikári (funkcia)
|x menovania úradné
|z Zavadka (Slovensko)
|z Nižný Hrabovec (Slovensko)
|y január 1906
|
| 655 |
|
4 |
|a hungariká
|
| 773 |
0 |
|
|t Felsőmagyarországi Hirlap : Politikai ujság
|g Roč. 9, č. 2 (10.01.1906) s. 3
|
| 957 |
|
|
|a Zavadka
|
| 957 |
|
|
|a Nižný Hrabovec
|
| 958 |
|
|
|a NT
|
| 958 |
|
|
|a DG
|
| 958 |
|
|
|a HU
|
| 974 |
|
|
|a Ba
|
| 992 |
|
|
|a RBX
|
| 997 |
|
|
|a Fenyő, Hugo
|d Alsogyertyán p. Nižný Hrabovec
|
| 997 |
|
|
|a Szanyi, Lajos p. Szanyi, Ľudovít
|d Homonnazavodi p. Zavadka
|
| BAS |
|
|
|
| 998 |
|
|
|a RETRO
|